Evangelism--the unfinished task / (Record no. 83)
[ view plain ]
| 000 -LEADER | |
|---|---|
| fixed length control field | 00587cam a22002057a 4500 |
| 001 - CONTROL NUMBER | |
| control field | 4208115 |
| 003 - CONTROL NUMBER IDENTIFIER | |
| control field | Ke-BoTe |
| 005 - DATE AND TIME OF LATEST TRANSACTION | |
| control field | 20211104112335.0 |
| 008 - FIXED-LENGTH DATA ELEMENTS--GENERAL INFORMATION | |
| fixed length control field | 820107|1981 ||| 000 0 eng |
| 010 ## - LIBRARY OF CONGRESS CONTROL NUMBER | |
| LC control number | 81080303 |
| 020 ## - INTERNATIONAL STANDARD BOOK NUMBER | |
| International Standard Book Number | 0882435132 (pbk.) |
| 040 ## - CATALOGING SOURCE | |
| Original cataloging agency | DLC |
| Transcribing agency | DLC |
| Modifying agency | DLC |
| 050 00 - LIBRARY OF CONGRESS CALL NUMBER | |
| Classification number | BV 3790 |
| Item number | .S887 1981 |
| 100 1# - MAIN ENTRY--PERSONAL NAME | |
| Personal name | Strand, Robert J. |
| 9 (RLIN) | 282 |
| 245 10 - TITLE STATEMENT | |
| Title | Evangelism--the unfinished task / |
| Statement of responsibility, etc. | Robert J. Strand. |
| 260 ## - PUBLICATION, DISTRIBUTION, ETC. | |
| Place of publication, distribution, etc. | Springfield, Mo. : |
| Name of publisher, distributor, etc. | Gospel Pub. House, |
| Date of publication, distribution, etc. | c1981. |
| 300 ## - PHYSICAL DESCRIPTION | |
| Extent | 121 p. ; 19 cm. |
| 906 ## - LOCAL DATA ELEMENT F, LDF (RLIN) | |
| a | 7 |
| b | cbc |
| c | orignew |
| d | 4 |
| e | opcn |
| f | 19 |
| g | y-gencatlg |
| 942 ## - ADDED ENTRY ELEMENTS (KOHA) | |
| Source of classification or shelving scheme | Library of Congress Classification |
| Koha item type | Books |
| Suppress in OPAC | No |
| Withdrawn status | Lost status | Source of classification or shelving scheme | Damaged status | Not for loan | Collection code | Home library | Current library | Shelving location | Date acquired | Total Checkouts | Full call number | Barcode | Date last seen | Price effective from | Koha item type |
|---|---|---|---|---|---|---|---|---|---|---|---|---|---|---|---|
| Library of Congress Classification | Non-fiction | SCHOOL OF CHAPLAINCY | SCHOOL OF CHAPLAINCY | General Stacks | 04.11.2021 | BV3790.S887 1981 | 2111042021 | 04.11.2021 | 04.11.2021 | Books |
